| 000 | 03056nam2a22003851 4500 | ||
|---|---|---|---|
| 001 | RU\NLR\A1\57 | ||
| 005 | 20251203152403.2 | ||
| 035 | _a(NLR Aleph) 009670228 | ||
| 090 |
_a13473893 _c13473893 |
||
| 100 | _a19960516d1793 m y0rusy50 ca | ||
| 101 | 1 |
_arus _bfre _cger |
|
| 140 | _ay y ga yaa0000 | ||
| 200 | 0 | _aЧ.2 | |
| 215 | _a[4], 146 с. | ||
| 316 |
_aЭкз. РНБ (18.263.4.1(ч.2)): ч.1-2 в одном пер. На с.146 круглый штамп ГПБ. _5NLR: 18.263.4.1(ч.2) |
||
| 316 |
_aЭкз. РНБ (138/604(ч.2)): ч.1-2 в одном пер. На с.[4] наклейка с шифром РНБ. Экз. деф.: отсутствует шмуцтит. ( с.1-2). _5NLR: 138/604(ч.2) |
||
| 316 |
_aЭкз. РНБ (РЗФ 18 в. 3/1027 (ч.2)): ч.1-2 в одном пер. На с.146 техн. штамп. _5NLR: РЗФ 18 в. 3/1027 (ч.2) |
||
| 316 |
_aЭкз. РНБ (РЗФ 18 в. 3/1027 (ч.2)а): ч.1-2 в одном пер. Экз. деф.: отсутствуют с.[1-4] _5NLR: РЗФ 18 в. 3/1027 (ч.2)а |
||
| 317 |
_aЭкз. РНБ (18.263.4.1(ч.2)) из б-ки А.Р.Баташёва. Куплен у В.И.Клочкова. _5NLR: 18.263.4.1(ч.2) |
||
| 317 |
_aВ экз. РНБ (138/604(ч.2)) на с.[3] штамп экслибрис б-ки Е.Косицкого (Богомолов 7644 (ошиб.: 7744)) _5NLR: 138/604(ч.2) |
||
| 317 |
_aВ экз. РНБ (РЗФ 18 в. 3/1027 (ч.2)а) на с.1 владельч. штамп (Вензель на темном фоне под простой дворянской короной в овале 21х19 мм). _5NLR: РЗФ 18 в. 3/1027 (ч.2)а |
||
| 461 | 1 |
_1001RU\NLR\A1\55 _12000#$aФабий и Катон$eПовесть взятая из римской истории$fСочинение славнаго Галлера$gПеревел с французскаго Павел Полонский$vЧ.2 _1700#1$6z01700$aГаллер$bА. фон$f1708-1777$gАльбрехт фон$4070 _1700#1$6z01700$7ba$aHaller$bA. von$gAlbrecht von _99657533 _aГаллер, А. фон (1708-1777) _cВ Санктпетербурге _d1793 _fСочинение славнаго Галлера. _n[Тип. Овчинникова] _oПовесть взятая из римской истории _tФабий и Катон _vЧ.2 |
|
| 482 | 0 |
_1001RU\NLR\A1\56 _12000#$aЧ.1 _913473892 _p[8], 124 с. _tЧ.1 |
|
| 702 | 1 |
_aКосицкий _bЕ.В. _gЕфим Васильевич _5NLR: 138/604 (ч.2) _4390 |
|
| 702 | 1 |
_4390 _7ca _8rus _aБаташёв _bА. Р. _f1724-1799 _gАндрей Родионович _9177276 _3RU\NLR\AUTH\770177327 |
|
| 702 | 1 |
_4390 _7ca _8rus _aКлочков _bВ. И. _fок.1861-1915 _gВасилий Иванович _9172600 _3RU\NLR\AUTH\770172651 |
|
| 801 | 0 |
_aRU _bNLR _c19960516 |
|
| 852 |
_aNLR _j18.263.4.1(ч.2) |
||
| 852 |
_aNLR _j138/604(ч.2) |
||
| 852 |
_aNLR _bРЗФ _j18 в. 3/1027 (ч.2) |
||
| 852 |
_aNLR _bРЗФ _j18 в. 3/1027 (ч.2)а _yЭкз. деф. |
||
| 942 | _cBOOK | ||
| 980 | _aA1XVIIIv | ||
| 980 | _aNB | ||